000 00681nam a2200217Ia 4500
003 GCL
008 140319s9999 xx 000 0 ara d
040 _aGCL /
_cGCL
082 0 4 _a812.043
_bع ل
100 1 _aعبدالغنى داود
245 1 0 _aاللعنة من فوق المنبر /
_cعبدالغنى داود
260 _a[S.N] :
_bالهيئة المصرية العامة للكتاب ،
_c1994
300 _a126 ص
490 _aالمسرح العربى
_v0
650 0 4 _aالادب العربى
650 0 4 _aمصر
650 0 4 _aالمسرحيات
650 0 4 _aالمسرح العربى
650 0 4 _aالمسرحيات العربية
942 _2ddc
_cBK
999 _c58954
_d58954